Biogeografía de los políporos (Agaricomycotina, Basidiomycota) del sur de Sudamérica (Registro nro. 199)

Detalles MARC
000 -LEADER
fixed length control field 00751nab a22002177a 4500
001 - CONTROL NUMBER
control field 199
005 - DATE AND TIME OF LATEST TRANSACTION
control field 20251111104522.0
006 - FIXED-LENGTH DATA ELEMENTS--ADDITIONAL MATERIAL CHARACTERISTICS
fixed length control field a|||||r|||| 00| 0
007 - PHYSICAL DESCRIPTION FIXED FIELD--GENERAL INFORMATION
fixed length control field c| aa aaaaa
008 - FIXED-LENGTH DATA ELEMENTS--GENERAL INFORMATION
fixed length control field 250205b2022 ag |||||o|||| 0spa0 eng d
040 ## - Fuente de catalogación
Agencia de catalogación original AR-EsCIE
Transcribing agency AR-EsCIE
100 1# - MAIN ENTRY--PERSONAL NAME
Personal name Rajchenberg, Mario,
Dates associated with a name 1954-
9 (RLIN) 107
245 10 - TITLE STATEMENT
Title Biogeografía de los políporos (Agaricomycotina, Basidiomycota) del sur de Sudamérica
650 #0 - SUBJECT ADDED ENTRY--TOPICAL TERM
Topical term or geographic name entry element BIOGEOGRAFIA
9 (RLIN) 309
650 #4 - SUBJECT ADDED ENTRY--TOPICAL TERM
Topical term or geographic name entry element BOSQUES
9 (RLIN) 59
650 #4 - SUBJECT ADDED ENTRY--TOPICAL TERM
Topical term or geographic name entry element REGION ANDINO PATAGONICA (ARGENTINA)
9 (RLIN) 66
773 ## - HOST ITEM ENTRY
Título Libro de resúmenes de la 3º reunión Argentina de micología
Parte(s) relacionada(s) p. 56.
Record control number 192
856 ## - ELECTRONIC LOCATION AND ACCESS
Uniform Resource Identifier <a href="https://www.hongos.ar/blog/materiales-1/iii-reunion-argentina-de-micologia-30">https://www.hongos.ar/blog/materiales-1/iii-reunion-argentina-de-micologia-30</a>
910 ## - Datos del catalogador
User-option data PG20250205
942 ## - ADDED ENTRY ELEMENTS (KOHA)
Source of classification or shelving scheme Dewey Decimal Classification
Koha item type Recurso electrónico
Suppress in OPAC No
Existencias
Withdrawn status Lost status Source of classification or shelving scheme Damaged status Not for loan Home library Current library Date acquired Total checkouts Date last seen Price effective from Koha item type
    Dewey Decimal Classification     CIEFAP CIEFAP 02/05/2025   02/05/2025 02/05/2025 Recurso electrónico